Central Library OPAC University of Rajshahi

An Empirical Study of Factor Substitution in Bangladesh Agriculture / (Record no. 79546)

MARC details
000 -LEADER
fixed length control field 01019nam a22002657a 4500
001 - CONTROL NUMBER
RUCL Control Number 79546
003 - CONTROL NUMBER IDENTIFIER
rucl marc code BD-RjUL
005 - DATE AND TIME OF LATEST TRANSACTION
control field 20220614152259.0
008 - FIXED-LENGTH DATA ELEMENTS--GENERAL INFORMATION
fixed length control field 220312s2001 bg a|||| m||| 00| 0 eng d
035 ## - SYSTEM CONTROL NUMBER
system control number (BD-RjUL)79546
040 ## - CATALOGING SOURCE
Original cataloging agency BD-RjUL
Language of cataloging eng
Transcribing agency BD-RjUL
Modifying agency BD-RjUL
041 ## - LANGUAGE CODE
Language code of Book eng
082 ## - DEWEY DECIMAL CLASSIFICATION NUMBER
DDC Edition number 23
Classification number 338.1095492
Author mark and Year RAE 2001
100 ## - MAIN ENTRY--PERSONAL NAME
Personal name Raihana, Bilkis
9 (RLIN) 1832
245 10 - TITLE STATEMENT
Title An Empirical Study of Factor Substitution in Bangladesh Agriculture /
Statement of responsibility, etc By Bilks Raihana ;
Name of Supervisor/Co-Supervisor Supervisor : Tariq Safiul Islam
260 ## - PUBLICATION, DISTRIBUTION, ETC. (IMPRINT)
Place of publication, distribution, etc Rajshahi :
Name of publisher, distributor, etc Department of Economics, Rajshahi University,
Date of publication, distribution, etc 2001
300 ## - PHYSICAL DESCRIPTION
Pagination xv, 177 leaves :
Other physical details ill, ;
Dimensions 29.cm.
502 ## - DISSERTATION NOTE
Dissertation note Thesis (Ph. D.) -- Department of Economics, Rajshahi University, 2001
504 ## - BIBLIOGRAPHY, ETC. NOTE
Bibliography, etc Bibliography : Leaves 160 - 177
650 ## - SUBJECT ADDED ENTRY--TOPICAL TERM
Topical term or geographic name as entry element Agriculture
General subdivision Economic aspects
Geographic subdivision Bangladesh
9 (RLIN) 3612
Topical term or geographic name as entry element Agricultural productivity
Geographic subdivision Bangladesh
9 (RLIN) 3613
Topical term or geographic name as entry element Factors of production
Geographic subdivision Bangladesh
9 (RLIN) 3614
700 ## - ADDED ENTRY--SUPERVISOR/CO-SUPERVISOR NAME
Personal name Islam, Tariq Safiul, Supervisor
9 (RLIN) 1834
942 ## - ADDED ENTRY ELEMENTS (KOHA)
Source of classification or shelving scheme Dewey Decimal Classification
Koha item type Theses
Holdings
Source of classification or shelving scheme Damaged status Not for loan Collection code Permanent Location Current Location Shelving location Date of accession Source of acquisition Full call number Barcode Date last seen Copy number Thesis
Dewey Decimal Classification   Not For Loan Theses Central Library, University of Rajshahi Central Library, University of Rajshahi Documentation Section 22/06/2003 Controller of Exam. R.U. THE 338.1095492 RAE 2001 D2194 12/03/2022 C-1 Theses